| 000 | 01289cam a2200349 a 4500 | ||
|---|---|---|---|
| 999 |
_c16858 _d16858 |
||
| 001 | 14445224 | ||
| 003 | EG-ScBUE | ||
| 005 | 20201031094945.0 | ||
| 008 | 060710t2006 nyua f 001 0aeng d | ||
| 020 | _a0811216691 (acidfree paper) | ||
| 020 | _a9780811216692 (acidfree paper) | ||
| 040 |
_aDLC _beng _erda _cDLC _dYDX _dBAKER _dBTCTA _dYDXCP _dDLC _dEG-ScBUE |
||
| 082 | 0 | 4 |
_a812.54 _bWIL _222 |
| 100 | 1 |
_aWilliams, Tennessee, _d1911-1983, _eauthor. _930546 |
|
| 245 | 1 | 0 |
_aMemoirs / _cTennessee Williams ; introduction by John Waters. |
| 264 | 1 |
_aNew York : _bNew Directions Books, _c[2006] |
|
| 264 | 4 | _cc2006 | |
| 300 |
_axix, 274 pages : _billustrations ; _c23 cm. |
||
| 336 |
_2rdacontent _atext _btxt |
||
| 337 |
_2rdamedia _aunmediated _bn |
||
| 338 |
_2rdacarrier _avolume _bnc |
||
| 490 | 0 |
_aNew Directions paperbook ; _v1048 |
|
| 500 | _aOriginally published: Garden City, N.Y. : Doubleday, 1975. With a new introd. | ||
| 500 | _aIncludes index. | ||
| 600 | 1 | 0 |
_aWilliams, Tennessee, _d1911-1983. _930548 |
| 650 | 7 |
_aDramatists, American _y20th century _vBiography. _930549 _2BUEsh |
|
| 651 | _2BUEsh | ||
| 653 |
_cJuly2012 _bGGEN |
||
| 655 |
_vReading book _934232 |
||
| 942 |
_2ddc _cBB |
||